| 000 | 00748nam a2200241Ia 4500 | ||
|---|---|---|---|
| 003 | OSt | ||
| 005 | 20220916111046.0 | ||
| 006 | a|||||r|||| 00| 0 | ||
| 007 | ta | ||
| 008 | Pun | ||
| 024 | _a245309 | ||
| 037 | _cTextbook | ||
| 040 |
_bPun _aARTS _cARTS |
||
| 041 | _aPun | ||
| 082 | _aO153m2'N52, K2 | ||
| 100 | _aਸਿੰਘ, ਹਗ਼ਾਰਾ, ਥਦ। | ||
| 245 | 0 | _aਸਾਹਿਤ ਸਮਾਚਾਰ : ਪੁਰਾਤਨ ਕਾਲ | |
| 260 |
_aਲੁਧਿਆਣਾ _bਲਾਹੌਰ ਬੁਕ Fਾਪ ਭਾਰਤ _c1962 |
||
| 300 |
_a426ਪੰ _ccm. |
||
| 650 | _aਪੰਜਾਬੀ ਸਾਹਿਤ | ||
| 942 |
_hO153m2'N52, K2 _cTB _2CC |
||
| 999 |
_c104767 _d104767 |
||